Clic sur les communes de France (2) - Statistiques

Statistiques générales
  • Ce quiz a été pris 19 fois
  • Le résultat moyen est 13 sur 30
Statistiques - réponses
Hint Explanation Réponse % Correct
Il existe 21 regroupements de communes appelés métropole en France métropolitaine en 2024 VRAI
76%
86 communes ont conservé le nom qu'elles ont pris à la Révolution Comme Saint-Port devenu Seine-Port (77) VRAI
76%
La France est le pays d'Europe ayant le plus grand nombre de communes VRAI
65%
La commune au nom le plus court de France est dans la Somme Y VRAI
65%
Toutes les communes de l'île de Ré ont "Ré" dans leur nom Pas Loix, Rivedoux-Plage et St Clément des Baleines FAUX
59%
Plus de 50% des communes françaises peuvent produire du vin (par décret) 19867 exactement VRAI
59%
Il existe 6 communes "mortes pour la France" Beaumont-en-Verdunois, Bezonvaux, Cumières-le-Mort-Homme, Fleury-devant-Douaumont, Haumont-près-Samogneux et Louvemont-Côte-du-Poivre VRAI
59%
La rivière dont le nom est le plus repris dans un nom de commune est la Marne 55 fois VRAI
59%
Deux communes en France sont intégralement situées sur une île fluviale L'Ile-Saint-Denis (93) et Béhuard (49) VRAI
59%
Voulmentin est né de la fusion entre Voultegon et Saint-Clémentin VRAI
59%
Le fleuve dont le nom est le plus repris dans un nom de commune est la Seine 76 pour la Seine, 77 pour la Loire ! FAUX
53%
Le saint le plus célébré dans les noms de communes est Martin 255 communes VRAI
53%
Belle-île compte 4 communes Bangor - Locmaria - Le Palais - Sauzon VRAI
53%
22 communes en France n'ont eu aucun mort pendant la 1ère Guerre mondiale 12 seulement FAUX
47%
La commune au nom le plus long est dans la Marne Saint-Remy-en-Bouzemont-Saint-Genest-et-Isson VRAI
47%
Il existe en France aujourd'hui 18 communes au nom de deux lettres 13 : Bû, By, Eu, Gy, Oô, Oz, Py, Ri, Ry, Sy, Ur, Us et Uz FAUX
41%
Le département qui compte le plus grand nombre de communes portant le nom du département est celui des Yvelines 3 dans les Yvelines, 6 dans l'Allier FAUX
41%
Le Grau-du-Roi est la seule commune littorale du Gard VRAI
41%
La dernière commune par ordre alphabétique est dans le Haut-Rhin Zuytpeene (Nord) FAUX
35%
Une commune de la Lozère ne compte qu'un seul habitant Rochefourchat est dans la Drôme FAUX
35%
Il existe en France plus de 600 communes sans église Dont 321 en Franche-Comté mais 0 en Corse VRAI
35%
Il existe deux communes littorales dans l'Eure Fatouville-Grestain et Fiquefleur-Equainville VRAI
29%
Seules la moitié des communes de Polynésie française sont riveraines de l'Océan Elles le sont toutes FAUX
24%
20 % des communes françaises ont un nom commençant pas Saint ou Sainte 11,6 % FAUX
24%
Il existe 31 regroupements de communes appelés "communauté urbaine" en France métropolitaine en 2024 14 seulement FAUX
24%
Il existe des communes dont le code postal ne correspond pas au numéro de département Une trentaine VRAI
24%
Wallis et Futuna est divisé en 3 communes Il y a 3 îles mais aucune commune FAUX
18%
Il y a en France 708 communes classées station de tourisme 459 FAUX
18%
La première commune par ordre alphabétique est dans les Hautes-Pyrénées Aast (Pyrénées-Atlantiques) FAUX
18%
Il existe plus de communes que de paroisses en France en 2024 13000 paroisses FAUX
12%
Aucun quiz correspondant
Distribution des résultats
% des personnes avec chaque résultat
Percentile par nombre de réponses
Votre historique - résultats
Vous n’avez pas pris ce quiz